Missing Word: Rap Songs Quiz Stats

 Plays Quiz Updated Jul 7, 2016

Challenge
Share
Tweet
Embed
Score 0/26 Timer 04:00
7 Plays Today
Hint Missing Word % Correct
Drop It Like It's ________Hot
92.1%
Ice Ice _________Baby
91.3%
Gold __________ Digger
82.3%
_______ I Ever HadBest
79.5%
________ ShopCandy
78.5%
Pursuit of _________Happiness
74.3%
Hot in ________Herre
73.1%
Like Toy _________Soldiers
69.7%
Run This ______Town
67.7%
Mama Said ________ You OutKnock
62.8%
So _______, So CleanFresh
59.4%
Lethal ________Weapon
55.2%
Snap Yo __________Fingers
55.2%
Hint Missing Word % Correct
Rapper's _________Delight
54.8%
Fight the ________Power
51.5%
_______ You LikeWhatever
49.2%
________ the WorldDrop
38.8%
It's ________Tricky
32.2%
Give Me _________Everything
30.8%
I Love _________College
27.8%
_______ Me Rollin'Picture
27.3%
One More ________Chance
19.8%
What's the __________Difference
19.5%
Pushin' ________Weight
9.6%
_______ FlyStill
7.7%
Ghost _________Showers
1.5%

Today's Daily Dose

You're not logged in!

Compare scores with friends on all Sporcle quizzes.
Join for Free
OR
Log In

You Might Also Like...

Show Comments

Extras

Top Quizzes Today


Score Distribution

Your Account Isn't Verified!

In order to create a playlist on Sporcle, you need to verify the email address you used during registration. Go to your Sporcle Settings to finish the process.

Report this User

Report this user for behavior that violates our Community Guidelines.

Details: